000 00764nam a2200253Ia 4500
003 OSt
005 20220925223334.0
006 a|||||r|||| 00| 0
007 ta
008 220923b |||||||| |||| 00| 0 eng d
020 _a1841420115
_cPd 55.00
037 _b1609, 28/03/2001, Efficient
_cGeneral Book
040 _aRTL
_cRTL
_beng
041 _2eng
_aeng
082 _aY35.3.N9, P0
100 _aDurrschmidt Jorg
_9289463
245 0 _aEveryday lives in the global city
260 _aLondon
_bRoutledge
_c2000
300 _aviii,187p
_ccm.
500 _aBibliography: p 178-82
650 _aCity Sociology
_9235611
942 _hY35.3.N9, P0
_cGB
_2CC
999 _c579293
_d579293